Dějiny knihoven a knihovnictví /
Gespeichert in:
| Hauptverfasser: | , , , |
|---|---|
| Format: | Buch |
| Sprache: | Tschechisch |
| Veröffentlicht: |
Praha :
Univerzita Karlova v Praze,
2002
|
| Ausgabe: | 2. doplnené vydanie |
| Schlagworte: | |
| Tags: |
Keine Tags, Fügen Sie das erste Tag hinzu!
|
MARC
| LEADER | 00000nam a22000003a 4500 | ||
|---|---|---|---|
| 001 | 0014556 | ||
| 003 | SK-STU | ||
| 005 | 20160606100329.9 | ||
| 007 | ta | ||
| 008 | 160520s ----xo-----e------000-0-----d | ||
| 020 | |a 80-246-0323-3 | ||
| 040 | |a STU |b slo | ||
| 041 | 0 | |a cze | |
| 044 | |a xr | ||
| 100 | 1 | |a Cejpek, Jiří |4 aut | |
| 245 | 1 | 0 | |a Dějiny knihoven a knihovnictví / |c aut. Jiří Cejpek, Jan Činčera, Ivan Hlaváček, Pravoslav Kneidl |
| 250 | |a 2. doplnené vydanie | ||
| 260 | |a Praha : |b Univerzita Karlova v Praze, |c 2002 | ||
| 300 | |a 248 s. : |b 1500 ks | ||
| 650 | 0 | 7 | |a história |
| 650 | 0 | 7 | |a Knihoveda |
| 650 | 0 | 7 | |a kláštorná knižnica |
| 650 | 0 | 7 | |a zámocká knižnica |
| 650 | 0 | 7 | |a cirkevná knižnica |
| 700 | 1 | |a Činčera, Jan |r Z6 |4 aut | |
| 700 | 1 | |a Hlaváček, Ivan |4 aut |r Z6 | |
| 700 | 1 | |a Kneidl, Pravoslav |r Z6 |4 aut | |
| 996 | |b 284AU06702 |c A* 9776/U |l AAKNAR |s A |a 24 |w 0014556_0001 | ||